[Event "eytcc"]
[Site "?"]
[Date "2017.08.21"]
[Round "5.6"]
[White "Plenca, Jadranko"]
[Black "Macovei, Andrei"]
[Result "1/2-1/2"]
[BlackElo "2370"]
[WhiteElo "2446"]
[LiveChessVersion "1.4.4"]

1. e4 {[%clk 1:30:58]} c6 {[%clk 1:30:55]} 2. d4 {[%clk 1:30:22]} d5
{[%clk 1:31:21]} 3. e5 {[%clk 1:29:28]} Bf5 {[%clk 1:31:48]} 4. Nf3
{[%clk 1:28:25]} e6 {[%clk 1:32:13]} 5. Be2 {[%clk 1:28:21]} Ne7 {[%clk 1:32:39]}
6. O-O {[%clk 1:27:40]} c5 {[%clk 1:33:05]} 7. dxc5 {[%clk 1:26:20]} Nec6
{[%clk 1:32:32]} 8. Be3 {[%clk 1:24:07]} Nd7 {[%clk 1:32:44]} 9. c4
{[%clk 1:23:44]} dxc4 {[%clk 1:32:41]} 10. Na3 {[%clk 1:20:10]} Bxc5
{[%clk 1:32:28]} 11. Bxc5 {[%clk 1:18:39]} Nxc5 {[%clk 1:32:47]} 12. Nxc4
{[%clk 1:18:48]} O-O {[%clk 1:31:34]} 13. Nd6 {[%clk 1:16:33]} Qb6
{[%clk 1:31:15]} 14. Nxf5 {[%clk 1:10:44]} exf5 {[%clk 1:31:44]} 15. Qc1
{[%clk 1:08:52]} Rfe8 {[%clk 1:19:04]} 16. Qe3 {[%clk 0:58:10]} Nd7
{[%clk 0:57:21]} 17. Qxb6 {[%clk 0:57:57]} axb6 {[%clk 0:57:42]} 18. Rfc1
{[%clk 0:40:53]} Ra5 {[%clk 0:51:54]} 19. a3 {[%clk 0:36:44]} Ndxe5
{[%clk 0:48:12]} 20. b4 {[%clk 0:35:25]} Rd5 {[%clk 0:45:55]} 21. Rd1
{[%clk 0:34:42]} Rxd1+ {[%clk 0:36:09]} 22. Rxd1 {[%clk 0:35:01]} Kf8
{[%clk 0:36:12]} 23. Kf1 {[%clk 0:33:28]} g6 {[%clk 0:23:52]} 24. Rd5
{[%clk 0:28:16]} Nxf3 {[%clk 0:15:33]} 25. Bxf3 {[%clk 0:28:32]} Re6
{[%clk 0:15:46]} 26. Rd7 {[%clk 0:20:25]} Re7 {[%clk 0:15:18]} 27. Rd6
{[%clk 0:19:45]} Re6 {[%clk 0:11:52]} 28. Rd7 {[%clk 0:19:03]} Re7
{[%clk 0:11:57]} 29. Rd6 {[%clk 0:18:49]} Rc7 {[%clk 0:11:25]} 30. Rd5
{[%clk 0:16:27]} Ke7 {[%clk 0:11:46]} 31. Ke1 {[%clk 0:16:11]} Na7
{[%clk 0:11:40]} 32. Kd2 {[%clk 0:14:53]} Nc8 {[%clk 0:11:57]} 33. Re5+
{[%clk 0:14:26]} Kf6 {[%clk 0:11:36]} 34. Rb5 {[%clk 0:14:17]} Ke7
{[%clk 0:11:10]} 35. Kd3 {[%clk 0:13:53]} Rd7+ {[%clk 0:10:29]} 36. Kc3
{[%clk 0:13:41]} Kd8 {[%clk 0:09:40]} 37. a4 {[%clk 0:14:09]} Kc7
{[%clk 0:06:44]} 38. Re5 {[%clk 0:11:10]} Rd6 {[%clk 0:02:35]} 39. h4
{[%clk 0:08:19]} h5 {[%clk 0:01:54]} 40. Re8 {[%clk 0:37:18]} Rd7
{[%clk 0:31:16]} 41. Re3 {[%clk 0:29:59]} Nd6 {[%clk 0:29:04]} 42. Rd3
{[%clk 0:26:56]} Re7 {[%clk 0:27:52]} 43. Re3 {[%clk 0:20:14]} Rd7
{[%clk 0:24:23]} 44. Rd3 {[%clk 0:19:59]} Re7 {[%clk 0:19:27]} 45. Re3
{[%clk 0:19:47]} 1/2-1/2

[Event "eytcc"]
[Site "?"]
[Date "2017.08.21"]
[Round "5.7"]
[White "Schitco, Ivan"]
[Black "Tica, Sven"]
[Result "0-1"]
[BlackElo "2368"]
[WhiteElo "2315"]
[LiveChessVersion "1.4.4"]

1. c4 {[%clk 1:30:58]} Nf6 {[%clk 1:30:42]} 2. Nc3 {[%clk 1:31:04]} c5
{[%clk 1:30:40]} 3. g3 {[%clk 1:30:24]} Nc6 {[%clk 1:30:26]} 4. Bg2
{[%clk 1:30:17]} e6 {[%clk 1:30:49]} 5. Nf3 {[%clk 1:29:19]} d5 {[%clk 1:31:02]}
6. cxd5 {[%clk 1:29:29]} exd5 {[%clk 1:31:27]} 7. d4 {[%clk 1:29:22]} Be7
{[%clk 1:31:52]} 8. O-O {[%clk 1:29:01]} O-O {[%clk 1:32:17]} 9. b3
{[%clk 1:19:05]} b6 {[%clk 1:27:08]} 10. Bb2 {[%clk 1:18:09]} Bb7
{[%clk 1:26:20]} 11. Rc1 {[%clk 1:14:39]} Rc8 {[%clk 1:20:06]} 12. dxc5
{[%clk 1:03:15]} Bxc5 {[%clk 1:09:39]} 13. a3 {[%clk 0:57:35]} Re8
{[%clk 1:03:37]} 14. b4 {[%clk 0:52:28]} Bf8 {[%clk 1:02:18]} 15. Qd3
{[%clk 0:43:37]} Qd7 {[%clk 0:47:01]} 16. Rfd1 {[%clk 0:39:28]} Rcd8
{[%clk 0:45:50]} 17. e3 {[%clk 0:37:28]} h6 {[%clk 0:39:12]} 18. Qb5
{[%clk 0:29:47]} g6 {[%clk 0:32:42]} 19. Rd2 {[%clk 0:22:31]} Bg7
{[%clk 0:32:00]} 20. Rcd1 {[%clk 0:22:24]} Qc8 {[%clk 0:31:38]} 21. Qa4
{[%clk 0:13:50]} Ne4 {[%clk 0:19:20]} 22. Nxe4 {[%clk 0:07:46]} dxe4
{[%clk 0:19:04]} 23. Nd4 {[%clk 0:07:26]} Qa8 {[%clk 0:12:00]} 24. Nxc6
{[%clk 0:05:51]} Rxd2 {[%clk 0:09:55]} 25. Rxd2 {[%clk 0:06:11]} Bxb2
{[%clk 0:08:01]} 26. b5 {[%clk 0:06:11]} Bf6 {[%clk 0:07:16]} 27. Bxe4
{[%clk 0:05:31]} a6 {[%clk 0:07:45]} 28. Rd7 {[%clk 0:04:12]} axb5
{[%clk 0:06:29]} 29. Qb3 {[%clk 0:04:11]} Re6 {[%clk 0:06:57]} 30. Nd8
{[%clk 0:03:26]} Bxe4 {[%clk 0:05:49]} 31. Nxe6 Qc6 32. Nc5 {[%clk 0:02:21]} Be7
{[%clk 0:06:01]} 33. Rxe7 {[%clk 0:01:55]} Bd5 {[%clk 0:06:31]} 34. Qc3
{[%clk 0:01:14]} bxc5 {[%clk 0:06:59]} 35. Qe5 {[%clk 0:01:01]} Be6
{[%clk 0:07:28]} 36. e4 {[%clk 0:00:52]} c4 {[%clk 0:07:20]} 37. Rc7
{[%clk 0:00:41]} Qa8 {[%clk 0:07:46]} 38. f3 {[%clk 0:00:36]} Qxa3
{[%clk 0:07:47]} 39. g4 {[%clk 0:00:35]} Qxf3 {[%clk 0:07:49]} 40. Qc5 Qxg4+
{[%clk 0:37:44]} 41. Kf2 {[%clk 0:29:37]} Qf4+ {[%clk 0:36:16]} 42. Kg1
{[%clk 0:29:56]} Bh3 {[%clk 0:36:03]} 0-1

[Event "eytcc"]
[Site "?"]
[Date "2017.08.21"]
[Round "5.8"]
[White "Tomulic, Teo"]
[Black "Martinovici, Ilie"]
[Result "1/2-1/2"]
[BlackElo "2059"]
[WhiteElo "2319"]
[LiveChessVersion "1.4.4"]

1. e4 {[%clk 1:30:57]} e5 {[%clk 1:30:57]} 2. Nf3 {[%clk 1:31:18]} Nc6
{[%clk 1:31:22]} 3. Bb5 {[%clk 1:31:04]} a6 {[%clk 1:31:46]} 4. Ba4
{[%clk 1:31:30]} Nf6 {[%clk 1:32:12]} 5. O-O {[%clk 1:31:56]} Be7
{[%clk 1:32:38]} 6. Re1 {[%clk 1:32:22]} b5 {[%clk 1:33:02]} 7. Bb3
{[%clk 1:32:49]} d6 {[%clk 1:33:27]} 8. c3 {[%clk 1:33:13]} O-O {[%clk 1:33:53]}
9. h3 {[%clk 1:33:42]} Bb7 {[%clk 1:34:15]} 10. d4 {[%clk 1:33:17]} Nd7
{[%clk 1:34:36]} 11. Nbd2 {[%clk 1:31:32]} exd4 {[%clk 1:34:44]} 12. cxd4
{[%clk 1:31:55]} Bf6 {[%clk 1:35:05]} 13. Nf1 {[%clk 1:31:24]} Na5
{[%clk 1:35:16]} 14. Bc2 {[%clk 1:31:31]} Re8 {[%clk 1:35:32]} 15. Ng3
{[%clk 1:29:06]} g6 {[%clk 1:35:43]} 16. Bf4 {[%clk 1:15:29]} c5 {[%clk 1:34:41]}
17. b3 {[%clk 0:40:53]} Nc6 {[%clk 1:32:29]} 18. Be3 {[%clk 0:37:32]} Rc8
{[%clk 1:28:25]} 19. Rc1 {[%clk 0:37:32]} cxd4 {[%clk 1:15:24]} 20. Nxd4
{[%clk 0:37:43]} Nxd4 {[%clk 1:15:29]} 21. Bxd4 {[%clk 0:38:06]} d5
{[%clk 1:15:11]} 22. Bxf6 {[%clk 0:29:33]} Qxf6 {[%clk 1:14:35]} 23. exd5
{[%clk 0:27:09]} Rxe1+ {[%clk 1:14:23]} 24. Qxe1 {[%clk 0:27:38]} Bxd5
{[%clk 1:03:02]} 25. Be4 {[%clk 0:22:53]} Rxc1 {[%clk 0:53:50]} 26. Qxc1
{[%clk 0:23:03]} Bxe4 {[%clk 0:50:38]} 27. Nxe4 {[%clk 0:23:18]} Qe5
{[%clk 0:50:54]} 28. Qc6 {[%clk 0:20:35]} Kg7 {[%clk 0:46:14]} 29. Nd2
{[%clk 0:17:57]} Qe1+ {[%clk 0:37:25]} 30. Nf1 {[%clk 0:18:20]} Qe6
{[%clk 0:37:52]} 31. Qc7 {[%clk 0:14:54]} Nf6 {[%clk 0:36:27]} 32. Qc3
{[%clk 0:13:13]} Qe2 {[%clk 0:29:35]} 33. Ne3 {[%clk 0:10:27]} Qxa2
{[%clk 0:29:00]} 34. g4 {[%clk 0:07:28]} Qb1+ {[%clk 0:28:17]} 35. Kh2
{[%clk 0:06:36]} Qe4 {[%clk 0:28:31]} 36. Kg3 {[%clk 0:06:57]} h5
{[%clk 0:18:53]} 37. gxh5 {[%clk 0:02:40]} gxh5 {[%clk 0:19:09]} 38. h4
{[%clk 0:02:48]} Qg6+ {[%clk 0:17:14]} 39. Kh3 {[%clk 0:02:51]} Kh7
{[%clk 0:16:52]} 40. f3 {[%clk 0:31:57]} Nd7 {[%clk 0:43:50]} 41. Qd4
{[%clk 0:26:46]} Nf8 {[%clk 0:41:02]} 42. f4 {[%clk 0:25:07]} Ne6
{[%clk 0:39:52]} 43. Qe5 {[%clk 0:24:58]} f5 {[%clk 0:23:39]} 44. b4
{[%clk 0:22:35]} Ng7 {[%clk 0:23:26]} 45. Kh2 {[%clk 0:18:06]} Qe6
{[%clk 0:22:14]} 46. Qc5 {[%clk 0:18:16]} Qf6 {[%clk 0:15:10]} 47. Kg3
{[%clk 0:17:36]} Qe6 {[%clk 0:12:38]} 48. Kf3 {[%clk 0:17:05]} Qe4+
{[%clk 0:12:36]} 49. Kg3 {[%clk 0:17:31]} Qb1 {[%clk 0:11:04]} 50. Qe7
{[%clk 0:17:14]} Qe1+ {[%clk 0:10:29]} 51. Kf3 {[%clk 0:17:18]} Qh1+
{[%clk 0:10:09]} 52. Kg3 {[%clk 0:15:52]} Qg1+ {[%clk 0:09:42]} 53. Kf3
{[%clk 0:15:43]} Qg6 {[%clk 0:08:33]} 54. Qe5 {[%clk 0:13:45]} Qc6+
{[%clk 0:08:30]} 55. Kg3 {[%clk 0:13:53]} Qg6+ {[%clk 0:07:52]} 56. Kf3
{[%clk 0:14:18]} Qc6+ {[%clk 0:08:20]} 57. Kg3 {[%clk 0:11:11]} Qg6+
{[%clk 0:06:00]} 58. Kf3 {[%clk 0:11:40]} Qc6+ {[%clk 0:06:26]} 1/2-1/2

[Event "eytcc"]
[Site "?"]
[Date "2017.08.21"]
[Round "5.9"]
[White "Gorodetzky, David"]
[Black "Kantor, Gergely"]
[Result "0-1"]
[BlackElo "2479"]
[WhiteElo "2409"]
[LiveChessVersion "1.4.4"]

1. Nf3 {[%clk 1:30:58]} d5 {[%clk 1:30:21]} 2. e3 {[%clk 1:31:15]} Nf6
{[%clk 1:29:47]} 3. b3 {[%clk 1:31:35]} Bf5 {[%clk 1:28:41]} 4. Bb2
{[%clk 1:31:27]} e6 {[%clk 1:28:02]} 5. Be2 {[%clk 1:26:12]} h6 {[%clk 1:27:12]}
6. O-O {[%clk 1:26:05]} Be7 {[%clk 1:26:21]} 7. Ne5 {[%clk 1:12:30]} O-O
{[%clk 1:19:10]} 8. f4 {[%clk 1:02:57]} Nfd7 {[%clk 1:15:37]} 9. Bg4
{[%clk 0:54:11]} Bh7 {[%clk 1:00:09]} 10. d3 {[%clk 0:34:25]} Nxe5
{[%clk 0:55:26]} 11. fxe5 {[%clk 0:34:14]} c5 {[%clk 0:54:06]} 12. Nd2
{[%clk 0:33:20]} Nc6 {[%clk 0:53:21]} 13. Kh1 {[%clk 0:27:19]} Qc7
{[%clk 0:37:03]} 14. Nf3 {[%clk 0:27:42]} b5 {[%clk 0:29:53]} 15. Qe2
{[%clk 0:27:47]} Rab8 {[%clk 0:25:20]} 16. Bh3 {[%clk 0:18:50]} c4
{[%clk 0:23:08]} 17. a3 {[%clk 0:14:40]} Na5 {[%clk 0:16:58]} 18. Nd4
{[%clk 0:08:23]} c3 {[%clk 0:08:24]} 19. Bc1 {[%clk 0:08:52]} Nc6
{[%clk 0:07:18]} 20. Nxc6 {[%clk 0:05:25]} Qxc6 {[%clk 0:07:45]} 21. Qe1
{[%clk 0:05:01]} f6 {[%clk 0:04:18]} 22. e4 {[%clk 0:04:31]} fxe5
{[%clk 0:04:07]} 23. Rxf8+ {[%clk 0:04:03]} Rxf8 {[%clk 0:04:30]} 24. exd5
{[%clk 0:04:25]} exd5 {[%clk 0:04:34]} 25. Be3 {[%clk 0:04:48]} Qf6
{[%clk 0:02:35]} 26. Bxa7 {[%clk 0:03:23]} d4 27. Qe2 Ra8 {[%clk 0:00:57]} 28.
Rf1 {[%clk 0:04:15]} Qd6 {[%clk 0:01:12]} 29. Qg4 {[%clk 0:03:07]} Kh8
{[%clk 0:00:50]} 30. Rf7 {[%clk 0:02:14]} Bf6 {[%clk 0:00:49]} 31. Qf3
{[%clk 0:02:19]} e4 {[%clk 0:00:38]} 32. dxe4 {[%clk 0:02:27]} Bg8
{[%clk 0:00:36]} 33. Bc5 {[%clk 0:00:55]} Qxc5 {[%clk 0:00:46]} 34. Rxf6
{[%clk 0:01:24]} Qg5 {[%clk 0:00:46]} 35. Rf5 {[%clk 0:01:00]} Qc1+
{[%clk 0:00:38]} 36. Qf1 {[%clk 0:01:29]} Qxc2 {[%clk 0:00:39]} 37. Bg4
{[%clk 0:00:32]} Qxe4 {[%clk 0:00:38]} 38. Rf4 {[%clk 0:00:32]} Qe3
{[%clk 0:00:42]} 39. Rf3 {[%clk 0:00:54]} Qg5 {[%clk 0:00:36]} 40. Bf5
{[%clk 0:30:57]} Rf8 {[%clk 0:30:39]} 41. a4 {[%clk 0:29:03]} Bd5
{[%clk 0:28:08]} 0-1

[Event "eytcc"]
[Site "?"]
[Date "2017.08.21"]
[Round "5.10"]
[White "Kozak, Adam"]
[Black "Parkhov, Yair"]
[Result "0-1"]
[BlackElo "2382"]
[WhiteElo "2422"]
[LiveChessVersion "1.4.4"]

1. d4 {[%clk 1:29:54]} Nf6 {[%clk 1:30:55]} 2. c4 {[%clk 1:29:39]} e6
{[%clk 1:31:17]} 3. Nf3 {[%clk 1:29:34]} b6 {[%clk 1:31:40]} 4. g3
{[%clk 1:29:41]} Bb7 {[%clk 1:32:04]} 5. Bg2 {[%clk 1:29:36]} Be7
{[%clk 1:32:17]} 6. O-O {[%clk 1:29:44]} O-O {[%clk 1:32:39]} 7. Nc3
{[%clk 1:29:21]} Ne4 {[%clk 1:33:00]} 8. Bd2 {[%clk 1:29:27]} d5 {[%clk 1:32:37]}
9. cxd5 {[%clk 1:29:18]} exd5 {[%clk 1:32:57]} 10. Rc1 {[%clk 1:26:00]} Nd7
{[%clk 1:30:53]} 11. Bf4 {[%clk 1:26:22]} c5 {[%clk 1:30:37]} 12. Nxe4
{[%clk 1:22:39]} dxe4 {[%clk 1:30:57]} 13. Ne5 {[%clk 1:23:01]} Nxe5
{[%clk 1:22:51]} 14. Bxe5 {[%clk 1:20:06]} Bg5 {[%clk 1:13:55]} 15. e3
{[%clk 1:05:00]} f6 {[%clk 1:11:26]} 16. Bf4 {[%clk 1:02:40]} Bxf4
{[%clk 1:11:33]} 17. exf4 {[%clk 1:02:09]} Qxd4 {[%clk 1:00:33]} 18. Qxd4
{[%clk 1:00:07]} cxd4 {[%clk 1:00:55]} 19. Rc7 {[%clk 0:38:09]} Rab8
{[%clk 0:58:47]} 20. Rd1 {[%clk 0:30:41]} d3 {[%clk 0:46:44]} 21. Kf1
{[%clk 0:20:17]} Rfc8 {[%clk 0:41:25]} 22. Rdc1 {[%clk 0:15:02]} Rxc7
{[%clk 0:33:35]} 23. Rxc7 {[%clk 0:15:22]} d2 {[%clk 0:30:55]} 24. Ke2
{[%clk 0:11:47]} Rd8 {[%clk 0:31:15]} 25. Kd1 {[%clk 0:12:13]} Ba6
{[%clk 0:31:33]} 0-1

[Event "eytcc"]
[Site "?"]
[Date "2017.08.21"]
[Round "5.11"]
[White "Zlatin, Alexander"]
[Black "Havasi, Gergo"]
[Result "0-1"]
[BlackElo "2380"]
[WhiteElo "2149"]
[LiveChessVersion "1.4.4"]

1. e4 {[%clk 1:30:44]} e5 {[%clk 1:30:32]} 2. Nf3 {[%clk 1:31:00]} Nc6
{[%clk 1:30:51]} 3. Nc3 {[%clk 1:31:00]} Nf6 {[%clk 1:31:03]} 4. Bb5
{[%clk 1:31:01]} Bd6 {[%clk 1:30:00]} 5. d3 {[%clk 1:30:39]} h6 {[%clk 1:25:22]}
6. a3 {[%clk 1:30:52]} a6 {[%clk 1:11:30]} 7. Bc4 {[%clk 1:31:11]} Bc5
{[%clk 1:08:04]} 8. h3 {[%clk 1:16:17]} d6 {[%clk 1:05:02]} 9. Be3
{[%clk 0:59:01]} Bxe3 {[%clk 0:43:30]} 10. fxe3 {[%clk 0:57:53]} Ne7
{[%clk 0:39:19]} 11. d4 {[%clk 0:47:59]} exd4 {[%clk 0:34:50]} 12. exd4
{[%clk 0:47:37]} O-O {[%clk 0:26:59]} 13. O-O {[%clk 0:44:56]} b5
{[%clk 0:15:29]} 14. Bb3 {[%clk 0:37:59]} Bb7 {[%clk 0:14:16]} 15. d5
{[%clk 0:28:16]} Ng6 {[%clk 0:07:43]} 16. Qd4 {[%clk 0:24:17]} Rb8
{[%clk 0:06:36]} 17. e5 {[%clk 0:21:52]} dxe5 18. Nxe5 {[%clk 0:22:20]} c5
{[%clk 0:04:39]} 19. Qxc5 {[%clk 0:08:03]} Nxe5 {[%clk 0:05:02]} 20. d6
{[%clk 0:07:57]} Nfd7 {[%clk 0:01:09]} 21. Qb4 {[%clk 0:08:26]} Qb6+
{[%clk 0:00:53]} 22. Kh2 {[%clk 0:08:25]} Nc4 {[%clk 0:00:36]} 23. Rf4
{[%clk 0:02:17]} Qc6 {[%clk 0:00:35]} 24. Rg1 {[%clk 0:02:06]} Ba8
{[%clk 0:00:34]} 25. Ne4 {[%clk 0:02:11]} Rbe8 {[%clk 0:00:42]} 26. Ng3
{[%clk 0:01:01]} a5 {[%clk 0:00:37]} 27. Qc3 {[%clk 0:01:21]} Qxd6
{[%clk 0:00:41]} 28. Rgf1 {[%clk 0:01:00]} Qe5 {[%clk 0:00:40]} 29. Qd3
{[%clk 0:00:56]} Nc5 {[%clk 0:00:59]} 30. Qd1 {[%clk 0:01:16]} Nxb3
{[%clk 0:01:09]} 31. Rf5 {[%clk 0:00:54]} Qc7 {[%clk 0:00:42]} 32. R1f4
{[%clk 0:00:35]} Ne3 {[%clk 0:00:59]} 33. Qh5 {[%clk 0:00:37]} Nxf5
{[%clk 0:01:23]} 34. Rxf5 {[%clk 0:00:58]} Qxc2 {[%clk 0:01:30]} 0-1

[Event "eytcc"]
[Site "?"]
[Date "2017.08.21"]
[Round "5.12"]
[White "Bohus, Adam"]
[Black "Gorodetzky, Matan"]
[Result "1-0"]
[BlackElo "1980"]
[WhiteElo "2299"]
[LiveChessVersion "1.4.4"]

1. d4 {[%clk 1:30:57]} d5 {[%clk 1:29:49]} 2. Nf3 {[%clk 1:31:13]} c5
{[%clk 1:28:32]} 3. c4 {[%clk 1:30:53]} dxc4 {[%clk 1:24:09]} 4. e3
{[%clk 1:30:49]} Nf6 {[%clk 1:17:46]} 5. Bxc4 {[%clk 1:30:59]} e6
{[%clk 1:18:00]} 6. O-O {[%clk 1:31:09]} a6 {[%clk 1:16:22]} 7. Bb3
{[%clk 1:31:24]} Nc6 {[%clk 1:12:59]} 8. Nc3 {[%clk 1:29:20]} b5 {[%clk 1:05:01]}
9. d5 {[%clk 1:19:39]} exd5 {[%clk 1:02:40]} 10. Nxd5 {[%clk 1:17:16]} c4
{[%clk 0:58:04]} 11. Nxf6+ {[%clk 1:14:38]} Qxf6 {[%clk 0:58:22]} 12. Bc2
{[%clk 1:14:48]} Bg4 {[%clk 0:52:21]} 13. Be4 {[%clk 1:06:54]} Rd8
{[%clk 0:50:24]} 14. Qc2 {[%clk 0:52:41]} Nb4 {[%clk 0:46:23]} 15. Qb1
{[%clk 0:51:44]} Bc5 {[%clk 0:44:14]} 16. Bd2 {[%clk 0:36:54]} Nd3
{[%clk 0:33:22]} 17. Bc3 {[%clk 0:33:47]} Qe6 {[%clk 0:32:19]} 18. Bxd3
{[%clk 0:27:07]} Rxd3 {[%clk 0:32:31]} 19. Nd4 {[%clk 0:06:39]} Qg6
{[%clk 0:20:31]} 20. Qc2 {[%clk 0:05:19]} b4 {[%clk 0:09:52]} 21. Qa4+
{[%clk 0:03:39]} Bd7 {[%clk 0:09:26]} 22. Qa5 {[%clk 0:04:01]} Qd6
{[%clk 0:04:13]} 23. Be1 {[%clk 0:03:33]} O-O {[%clk 0:02:10]} 24. Rc1
{[%clk 0:04:03]} Rb8 {[%clk 0:00:50]} 25. Rxc4 {[%clk 0:03:56]} Bb5
{[%clk 0:01:19]} 26. Nxb5 {[%clk 0:03:23]} Rxb5 {[%clk 0:00:57]} 27. Qa4
{[%clk 0:03:52]} b3 {[%clk 0:00:46]} 28. axb3 {[%clk 0:03:40]} Rdxb3
{[%clk 0:00:47]} 29. Bc3 {[%clk 0:04:01]} h6 {[%clk 0:00:54]} 30. Rg4
{[%clk 0:03:33]} g6 {[%clk 0:01:11]} 31. Qe4 {[%clk 0:03:31]} Kh7
{[%clk 0:01:12]} 32. Qe8 {[%clk 0:03:20]} Qf8 {[%clk 0:01:18]} 33. Qc6
{[%clk 0:02:42]} Qd6 {[%clk 0:01:14]} 34. Qf3 {[%clk 0:03:11]} f5
{[%clk 0:00:56]} 35. Rd1 {[%clk 0:02:19]} Qe6 {[%clk 0:01:22]} 36. Rh4
{[%clk 0:02:12]} g5 {[%clk 0:01:00]} 37. Ra4 {[%clk 0:01:50]} Bb4
{[%clk 0:01:07]} 38. Bd4 {[%clk 0:01:36]} a5 {[%clk 0:01:20]} 39. Qa8
{[%clk 0:01:40]} Qd7 {[%clk 0:00:46]} 40. Qh8+ {[%clk 0:31:07]} Kg6
{[%clk 0:31:16]} 41. Qg8+ {[%clk 0:30:32]} Kh5 {[%clk 0:31:44]} 42. Qxb3
{[%clk 0:30:26]} 1-0

[Event "eytcc"]
[Site "?"]
[Date "2017.08.21"]
[Round "5.13"]
[White "Janik, Igor"]
[Black "Thybo, Jesper Sondergaard"]
[Result "1/2-1/2"]
[BlackElo "2464"]
[WhiteElo "2420"]
[LiveChessVersion "1.4.4"]

1. e4 {[%clk 1:30:57]} e6 {[%clk 1:30:52]} 2. d4 {[%clk 1:31:17]} d5
{[%clk 1:31:18]} 3. Nd2 {[%clk 1:30:42]} c5 {[%clk 1:31:43]} 4. Ngf3
{[%clk 1:30:36]} cxd4 {[%clk 1:32:07]} 5. exd5 {[%clk 1:30:57]} Qxd5
{[%clk 1:32:30]} 6. Bc4 {[%clk 1:31:22]} Qd8 {[%clk 1:32:52]} 7. O-O
{[%clk 1:31:09]} a6 {[%clk 1:33:08]} 8. Nb3 {[%clk 1:30:43]} Qc7 {[%clk 1:33:26]}
9. Qxd4 {[%clk 1:29:28]} Nc6 {[%clk 1:33:44]} 10. Qh4 {[%clk 1:24:33]} Bd6
{[%clk 1:32:49]} 11. c3 {[%clk 1:20:46]} Nge7 {[%clk 1:32:44]} 12. Bd3
{[%clk 1:20:43]} b6 {[%clk 1:25:32]} 13. a4 {[%clk 1:08:07]} Bb7 {[%clk 1:22:46]}
14. a5 {[%clk 1:07:00]} Nxa5 {[%clk 1:04:09]} 15. Nxa5 {[%clk 1:05:36]} Bxf3
{[%clk 1:04:29]} 16. gxf3 {[%clk 0:55:13]} bxa5 {[%clk 1:04:53]} 17. Re1
{[%clk 0:54:56]} Nc6 {[%clk 0:59:39]} 18. Be4 {[%clk 0:47:33]} Rb8
{[%clk 0:58:54]} 19. Ra4 {[%clk 0:44:37]} Ne5 {[%clk 0:56:32]} 20. f4
{[%clk 0:41:16]} Nd7 {[%clk 0:52:56]} 21. f5 {[%clk 0:38:22]} e5 {[%clk 0:51:14]}
22. Bg2 {[%clk 0:33:49]} Nf6 {[%clk 0:39:19]} 23. Bh6 {[%clk 0:30:50]} gxh6
{[%clk 0:31:54]} 24. Qxf6 {[%clk 0:31:02]} Rg8 {[%clk 0:32:21]} 25. Re2
{[%clk 0:25:02]} Qxc3 {[%clk 0:28:52]} 26. Rae4 {[%clk 0:20:54]} Qc1+
{[%clk 0:24:19]} 27. Re1 {[%clk 0:21:18]} Rxg2+ {[%clk 0:24:38]} 28. Kxg2
{[%clk 0:21:43]} Qg5+ {[%clk 0:25:04]} 29. Qxg5 {[%clk 0:22:10]} hxg5
{[%clk 0:25:31]} 30. Rd1 {[%clk 0:20:25]} Ke7 {[%clk 0:23:51]} 31. Rc4
{[%clk 0:19:46]} Rb6 {[%clk 0:22:56]} 32. Rd5 {[%clk 0:19:36]} Kf6
{[%clk 0:22:28]} 33. Rxa5 {[%clk 0:19:48]} Kxf5 {[%clk 0:22:24]} 34. Ra2
{[%clk 0:20:07]} Bb4 {[%clk 0:20:43]} 35. Rc7 {[%clk 0:20:18]} Ke6
{[%clk 0:18:33]} 36. b3 {[%clk 0:19:32]} Bd6 {[%clk 0:18:45]} 37. Rc3
{[%clk 0:19:55]} h5 {[%clk 0:17:52]} 38. Rac2 {[%clk 0:20:14]} Kd7
{[%clk 0:16:48]} 39. Rf3 {[%clk 0:19:42]} Ke6 {[%clk 0:15:51]} 40. Rfc3
{[%clk 0:49:51]} Kd7 {[%clk 0:42:48]} 41. Rf3 {[%clk 0:50:06]} Ke7
{[%clk 0:43:12]} 42. Rc8 {[%clk 0:49:35]} f6 {[%clk 0:43:10]} 43. h4
{[%clk 0:46:45]} gxh4 {[%clk 0:36:41]} 44. Rc4 {[%clk 0:46:16]} Ke6
{[%clk 0:30:30]} 45. Rxh4 {[%clk 0:46:37]} a5 {[%clk 0:30:04]} 46. Rxh5
{[%clk 0:46:09]} Rb4 {[%clk 0:30:25]} 47. Rh8 {[%clk 0:45:34]} a4
{[%clk 0:30:38]} 48. bxa4 {[%clk 0:45:48]} Rxa4 {[%clk 0:31:03]} 49. Re8+
{[%clk 0:46:12]} Be7 {[%clk 0:30:58]} 50. Rb3 {[%clk 0:46:35]} Kf7
{[%clk 0:29:41]} 51. Rc8 {[%clk 0:46:52]} Ra7 {[%clk 0:24:35]} 52. Rcb8
{[%clk 0:47:02]} Kg6 {[%clk 0:10:10]} 53. Rg3+ {[%clk 0:46:40]} Kf5
{[%clk 0:09:50]} 54. Rf3+ {[%clk 0:47:02]} Ke6 {[%clk 0:09:43]} 55. Rb6+
{[%clk 0:47:26]} Kf7 {[%clk 0:09:56]} 56. Kh3 {[%clk 0:47:46]} Ra4
{[%clk 0:09:54]} 57. Rc3 {[%clk 0:47:36]} Bf8 {[%clk 0:09:03]} 58. Rc8
{[%clk 0:47:22]} Bh6 {[%clk 0:08:59]} 59. Kg3 {[%clk 0:46:27]} Bg5
{[%clk 0:09:18]} 60. Rb3 {[%clk 0:46:13]} Kg6 {[%clk 0:08:46]} 61. Rf3
{[%clk 0:45:46]} Rb4 {[%clk 0:08:03]} 62. Rg8+ {[%clk 0:46:10]} Kh7
{[%clk 0:08:31]} 63. Rc8 {[%clk 0:46:20]} 1/2-1/2